000 00521nam a22001337a 4500
999 _c518214
_d518214
008 210830b ||||| |||| 00| 0 eng d
100 _aTewari, Surya
_928691
245 _aInter-state variation in urban growth in India: The issue of statutory and census towns
260 _aUrban India: A Journal of the National Institute of Urban Affairs
300 _a40(3), Jul-Dec, 2020: p.103-117
773 _aUrban India: A Journal of the National Institute of Urban Affairs
906 _aURBAN DEVELOPMENT
942 _cAR